000 00542nam a2200193Ia 4500
008 131103s9999 xx 000 0 und d
020 _a071007012 8
040 _aLoreto College
041 _aEnglish
082 _a371.9/GUL
_bLCBED/14325
100 _aGulliford,R.
245 _aSpecial educational needs
_cR.Gulliford
260 _aLondon
_bRoutledge & Kegan Paul
_c1971
300 _a213 p.
_c 10 cm.
504 _aIncludes appendix,bibliography and index
650 _aSpecial education
850 _aLCBED/371.9/GUL
942 _cBK
999 _c26186
_d76665